000 009820000a22002290004500
020 _a1-85078-357-8 / Donación.
041 0 _aEng.
082 0 4 _aG 266.02 J736r
100 1 _aJohnstone, Patrick
245 1 0 _aOperation world : twenty-first century edition / Patrick Johnstone, Jason Mandryk , Robyn Johnstone
250 _a6a ed.
260 _aWaynesboro, Georgia : Paternoster Publishing
300 _a798 p.
505 0 0 _aRegiones del mundo -- paises del mundo -- ministerios especializados -- apréndices de líderes del mundo, agencias misioneras, y estadísticas -- indices de pueblos y lugares
520 _aEs un guía que instruye en como orar por todo el mundo durante un año. Provee detalles específicas como motivos de oración. Su enfoque son las misiones en cada país.
650 1 4 _aMISIONES \ ORACION
001 17179
942 _cBK
999 _c43845
_d43845
336 _atexto
_btxt
_2rdacontent
337 _2rdamedia
_asin mediación
_bn
338 _2rdacarrier
_avolumen
_bnc